<?xml version="1.0" encoding="UTF-8"?>
<record
    xmlns:xsi="http://www.w3.org/2001/XMLSchema-instance"
    xsi:schemaLocation="http://www.loc.gov/MARC21/slim http://www.loc.gov/standards/marcxml/schema/MARC21slim.xsd"
    xmlns="http://www.loc.gov/MARC21/slim">

  <leader>00890cam a2200205 a 4500</leader>
  <controlfield tag="001">000001249</controlfield>
  <controlfield tag="005">20200929145523.0</controlfield>
  <controlfield tag="008">880226s1986    sp a     b    001 0 spa  </controlfield>
  <datafield tag="020" ind1=" " ind2=" ">
    <subfield code="a">8474334284</subfield>
  </datafield>
  <datafield tag="040" ind1=" " ind2=" ">
    <subfield code="a">DO-SdBNP</subfield>
    <subfield code="b">spa</subfield>
    <subfield code="c">BNPHU</subfield>
  </datafield>
  <datafield tag="082" ind1=" " ind2=" ">
    <subfield code="a">996.18</subfield>
    <subfield code="b">M525m</subfield>
  </datafield>
  <datafield tag="100" ind1="1" ind2=" ">
    <subfield code="a">Mell&#xE9;n Blanco, Francisco.</subfield>
    <subfield code="9">4251</subfield>
  </datafield>
  <datafield tag="245" ind1="1" ind2="0">
    <subfield code="a">Manuscritos y documentos espa&#xF1;oles para la historia de la Isla de Pascua :</subfield>
    <subfield code="b">la expedici&#xF3;n del capit&#xE1;n D. Felipe Gonz&#xE1;lez de Haedo a la Isla de David /</subfield>
    <subfield code="c">Francisco Mell&#xE9;n Blanco.</subfield>
  </datafield>
  <datafield tag="260" ind1=" " ind2=" ">
    <subfield code="a">Espa&#xF1;a :</subfield>
    <subfield code="b">Centro de Estudios Hist&#xF3;ricos de Obras P&#xFA;blicas y Urbanismo (CEHOPU),</subfield>
    <subfield code="c">1986.</subfield>
  </datafield>
  <datafield tag="300" ind1=" " ind2=" ">
    <subfield code="a">380 p. :</subfield>
    <subfield code="b">il., mapas ;</subfield>
    <subfield code="c">25 cm.</subfield>
  </datafield>
  <datafield tag="586" ind1=" " ind2=" ">
    <subfield code="a">Menci&#xF3;n especial en los premios de Cultura Hisp&#xE1;nica de 1983</subfield>
  </datafield>
  <datafield tag="651" ind1=" " ind2="4">
    <subfield code="a">Pascua (Isla{Rpara}</subfield>
    <subfield code="9">4252</subfield>
  </datafield>
  <datafield tag="651" ind1=" " ind2="4">
    <subfield code="a">Isla De Pascua</subfield>
    <subfield code="x">Historia</subfield>
    <subfield code="x">Fuentes</subfield>
    <subfield code="9">4253</subfield>
  </datafield>
  <datafield tag="600" ind1="1" ind2="4">
    <subfield code="a">GONZ&#xC1;LEZ DE HAEDO, FELIPE,</subfield>
    <subfield code="d">1714-1792.</subfield>
    <subfield code="9">4254</subfield>
  </datafield>
  <datafield tag="952" ind1=" " ind2=" ">
    <subfield code="0">0</subfield>
    <subfield code="1">0</subfield>
    <subfield code="5">2</subfield>
    <subfield code="7">5</subfield>
    <subfield code="8">DS</subfield>
    <subfield code="a">BNPHU</subfield>
    <subfield code="b">BNPHU</subfield>
    <subfield code="c">HD</subfield>
    <subfield code="d">2009-09-04</subfield>
    <subfield code="i">LF1</subfield>
    <subfield code="l">0</subfield>
    <subfield code="o">996.18 M525m</subfield>
    <subfield code="p">1249-10</subfield>
    <subfield code="r">2020-06-25</subfield>
    <subfield code="w">2020-06-25</subfield>
    <subfield code="y">LF1</subfield>
    <subfield code="Z">Pr&#xE9;stamo interno</subfield>
  </datafield>
  <datafield tag="999" ind1=" " ind2=" ">
    <subfield code="c">1193</subfield>
    <subfield code="d">1193</subfield>
  </datafield>
</record>
